[Event "Vienna Chess Open 2016 Group A"]
[Site "Grosser Festsaal im Wiener Rathaus, 1010 Wien"]
[Date "2016.08.21"]
[Round "7"]
[Board "6"]
[White "Baldauf, Marco"]
[Black "Rathnakaran, Kantholi"]
[Result "0-1"]
[WhiteElo "2423"]
[BlackElo "2452"]
[PlyCount "110"]
[EventDate "2016.08.16"]
[EventRounds "9"]
[EventCountry "AUT"]

1.d4 Nf6 2.c4 c5 3.d5 e6 4.Nc3 exd5 5.cxd5 d6 6.e4 g6 7.h3 Bg7 8.Nf3 O-O 9.Bd3 a6
10.a4 Nbd7 11.O-O Nh5 12.Bg5 Bf6 13.Be3 Re8 14.Qd2 Rb8 15.Rab1 Ne5 16.Be2 Nxf3+ 17.Bxf3
Ng7 18.Rfc1 Bd7 19.Bf4 Qe7 20.b4 b6 21.Be2 Ra8 22.bxc5 bxc5 23.Rb7 Red8 24.Bd3 Nh5
25.Be3 Qe8 26.a5 Rdb8 27.Rcb1 Rxb7 28.Rxb7 Bd8 29.Qa2 Bc8 30.Rb1 Bd7 31.Rb7 Qe5 32.Rxd7
Qxc3 33.Qb1 Bxa5 34.Qb7 Rf8 35.Qxa6 Qe1+ 36.Kh2 Bd2 37.Bxd2 Qxd2 38.Kg1 Qe1+ 39.Bf1
Nf4 40.Rb7 Re8 41.f3 Qg3 42.Kh1 Nh5 43.Rb1 Kg7 44.Qc6 Re7 45.Qa6 Re8 46.Qa4 Re5 47.Qa2
Rg5 48.Bb5 Nf4 49.Bd7 c4 50.Qb2+ Kh6 51.Bg4 c3 52.Qc2 f5 53.exf5 gxf5 54.Rf1 fxg4
55.fxg4 Re5 0-1

[Event "Vienna Chess Open 2016 Group A"]
[Site "Grosser Festsaal im Wiener Rathaus, 1010 Wien"]
[Date "2016.08.21"]
[Round "7"]
[Board "7"]
[White "Koop, Thorben"]
[Black "Froewis, Georg"]
[Result "1-0"]
[WhiteElo "2412"]
[BlackElo "2449"]
[PlyCount "93"]
[EventDate "2016.08.16"]
[EventRounds "9"]
[EventCountry "AUT"]

1.c4 e6 2.g3 d5 3.Bg2 Nf6 4.Nf3 dxc4 5.Qa4+ Bd7 6.Qxc4 c5 7.Ne5 Qc8 8.O-O Nc6 9.Nxd7
Qxd7 10.b3 Be7 11.Bb2 O-O 12.Qc1 Rac8 13.d3 Rfd8 14.Nd2 Nd5 15.Ne4 Nd4 16.Qd2 b6 17.Rfd1
a5 18.e3 Nc6 19.Qe2 Bd6 20.Qh5 f6 21.Nxd6 Qxd6 22.Be4 f5 23.Bg2 Qe7 24.Qe2 Nf6 25.Rac1
Ne8 26.d4 Nb4 27.a3 Nd5 28.dxc5 Rxc5 29.Rxc5 Qxc5 30.e4 fxe4 31.Bxe4 Qc6 32.Qh5 h6
33.Qg6 Kf8 34.Rd3 Qd7 35.Bxd5 exd5 36.Qxb6 Nc7 37.Qxa5 Kg8 38.Bd4 Ne6 39.Qd2 Ng5 40.h4
Ne4 41.Qd1 Rf8 42.Rf3 Rc8 43.b4 Rc4 44.Rd3 Qc8 45.Be3 Nf6 46.b5 Ng4 47.Rxd5 1-0

[Event "Vienna Chess Open 2016 Group A"]
[Site "Grosser Festsaal im Wiener Rathaus, 1010 Wien"]
[Date "2016.08.21"]
[Round "7"]
[Board "8"]
[White "Kokol, Peter"]
[Black "Schreiner, Peter"]
[Result "0-1"]
[WhiteElo "2360"]
[BlackElo "2445"]
[PlyCount "56"]
[EventDate "2016.08.16"]
[EventRounds "9"]
[EventCountry "AUT"]

1.e4 e5 2.Nc3 Nf6 3.Bc4 Nc6 4.d3 Na5 5.Nge2 c6 6.Bg5 h6 7.Bh4 Nxc4 8.dxc4 d6 9.Qd3
Be6 10.f3 a6 11.a4 g5 12.Bf2 d5 13.cxd5 cxd5 14.exd5 Nxd5 15.Qe4 Nb4 16.O-O Qc7 17.Ng3
O-O-O 18.Nb5 axb5 19.axb5 Bc5 20.Ra8+ Kd7 21.Ra4 Nd5 22.Kh1 Bxf2 23.Rxf2 Nb6 24.Ra7
Kc8 25.Rf1 Rd4 26.Qe3 Rhd8 27.Raa1 f5 28.Qa3 Ra4 0-1

[Event "Vienna Chess Open 2016 Group A"]
[Site "Grosser Festsaal im Wiener Rathaus, 1010 Wien"]
[Date "2016.08.21"]
[Round "7"]
[Board "9"]
[White "Vorobiov, Evgeny"]
[Black "Guido, Flavio"]
[Result "1-0"]
[WhiteElo "2586"]
[BlackElo "2370"]
[PlyCount "155"]
[EventDate "2016.08.16"]
[EventRounds "9"]
[EventCountry "AUT"]

1.Nf3 c5 2.c4 Nc6 3.g3 g6 4.Bg2 Bg7 5.Nc3 e6 6.h4 h6 7.d3 Nge7 8.Bd2 b6 9.a3 Bb7 10.O-O
O-O 11.Qc1 Kh7 12.Rb1 d6 13.b4 Qd7 14.e3 Rac8 15.Qd1 Ne5 16.Nxe5 Bxe5 17.Qa4 Qxa4
18.Nxa4 Bxg2 19.Kxg2 Rfd8 20.Rfc1 h5 21.Kf3 Kg7 22.Ke2 f5 23.Nc3 d5 24.bxc5 bxc5 25.Rb7
Rc7 26.Rxc7 Bxc7 27.cxd5 exd5 28.Na4 Bd6 29.Nxc5 Rb8 30.Bb4 Kf7 31.Nd7 Rc8 32.Rxc8
Nxc8 33.Bxd6 Nxd6 34.Kd2 Ke6 35.Nc5+ Ke7 36.Nb3 Nc8 37.Nd4 Kd6 38.Kc3 Kc5 39.Kb3 Ne7
40.Ka4 Kb6 41.Kb4 Nc8 42.a4 a5+ 43.Kb3 Kc5 44.Ka3 Ne7 45.Nb3+ Kb6 46.Kb2 Nc6 47.Kc3
Kc7 48.Nd4 Ne5 49.Ne6+ Kd6 50.Nf4 Ng4 51.Nxg6 Nxf2 52.Nf4 Nd1+ 53.Kd4 Nb2 54.Nxh5
Nxa4 55.Ng7 Nb2 56.h5 Ke7 57.Nxf5+ Kf6 58.h6 Kg6 59.Ne7+ Kxh6 60.Nxd5 a4 61.Nb4 Kg5
62.Nc2 Nd1 63.Kc4 Kg4 64.d4 Kxg3 65.d5 Nf2 66.d6 Ng4 67.Kd4 Nh6 68.e4 Nf7 69.Kd5 Kf4
70.d7 Nd8 71.e5 Kf5 72.Nd4+ Kg6 73.Nc6 a3 74.Nxd8 a2 75.Nc6 a1=Q 76.d8=Q Qa2+ 77.Kd6
Qa3+ 78.Kc7 1-0

[Event "Vienna Chess Open 2016 Group A"]
[Site "Grosser Festsaal im Wiener Rathaus, 1010 Wien"]
[Date "2016.08.21"]
[Round "7"]
[Board "10"]
[White "Miedema, David"]
[Black "Burmakin, Vladimir"]
[Result "0-1"]
[WhiteElo "2368"]
[BlackElo "2553"]
[PlyCount "30"]
[EventDate "2016.08.16"]
[EventRounds "9"]
[EventCountry "AUT"]

1.d4 Nf6 2.c4 e6 3.Nf3 d5 4.Nc3 c6 5.e3 Nbd7 6.Qc2 Bd6 7.e4 dxe4 8.Nxe4 Nxe4 9.Qxe4
Bb4+ 10.Bd2 Qa5 11.c5 O-O 12.a3 Bxd2+ 13.Nxd2 e5 14.O-O-O exd4 15.Nb3 Nxc5 0-1

[Event "Vienna Chess Open 2016 Group A"]
[Site "Grosser Festsaal im Wiener Rathaus, 1010 Wien"]
[Date "2016.08.21"]
[Round "7"]
[Board "11"]
[White "Ponizil , Cyril "]
[Black "Neumeier, Klaus"]
[Result "1-0"]
[WhiteElo "2510"]
[BlackElo "2300"]
[PlyCount "137"]
[EventDate "2016.08.16"]
[EventRounds "9"]
[EventCountry "AUT"]

1.e4 c5 2.Nf3 d6 3.d4 cxd4 4.Nxd4 Nf6 5.Nc3 g6 6.g3 Nc6 7.Nde2 Bg7 8.Bg2 O-O 9.O-O
Rb8 10.a4 a6 11.Re1 b5 12.axb5 axb5 13.Nd5 b4 14.Bg5 Nd7 15.Qc1 Re8 16.h3 Nc5 17.Kh2
b3 18.Rb1 Ba6 19.cxb3 Bd3 20.Ra1 Bxe2 21.Rxe2 Nd4 22.Ra7 Nxe2 23.Qc4 Rb7 24.Rxb7 Nxb7
25.Qxe2 h6 26.Be3 e6 27.Nb6 Qc7 28.b4 Kh7 29.b3 Rb8 30.Qa6 Nd8 31.b5 Qb7 32.Bf1 Bf8
33.Qa4 Bg7 34.Qc4 Kg8 35.Na4 d5 36.exd5 exd5 37.Qd3 Ne6 38.Nc5 Nxc5 39.Bxc5 Bf8 40.b4
Rc8 41.Qe3 h5 42.b6 Rd8 43.Qe5 Bg7 44.Qg5 Rb8 45.Bg2 Qc6 46.Bxd5 Qf6 47.Qe3 Qe5 48.Qf3
Qf6 49.Qe4 Qe5 50.Qc4 Qe8 51.b7 Be5 52.f4 Bc7 53.Ba7 Qe7 54.Bxb8 Bxb8 55.Qc8+ Qf8
56.h4 Kg7 57.Qxf8+ Kxf8 58.Kg2 f6 59.Kf3 Ke7 60.Bc6 Bc7 61.Ke4 Bb8 62.b5 Bc7 63.b6
Bb8 64.Ba4 Bd6 65.Kd5 Bb8 66.Bc2 g5 67.Ke4 Bd6 68.Bd1 g4 69.Bb3 1-0

[Event "Vienna Chess Open 2016 Group A"]
[Site "Grosser Festsaal im Wiener Rathaus, 1010 Wien"]
[Date "2016.08.21"]
[Round "7"]
[Board "12"]
[White "Leenhouts, Koen"]
[Black "Barle, Janez"]
[Result "1-0"]
[WhiteElo "2491"]
[BlackElo "2289"]
[PlyCount "69"]
[EventDate "2016.08.16"]
[EventRounds "9"]
[EventCountry "AUT"]

1.d4 d5 2.c4 e6 3.Nc3 c5 4.e3 Nf6 5.Nf3 Nc6 6.a3 Ne4 7.Bd3 cxd4 8.Nxe4 dxe4 9.Bxe4
dxe3 10.Bxe3 Be7 11.Qxd8+ Bxd8 12.O-O-O Bd7 13.b4 f5 14.Bc2 Bf6 15.Rhe1 O-O-O 16.Bf4
b6 17.Rd6 Kb7 18.Ba4 e5 19.Red1 Be8 20.Bxe5 Rxd6 21.Bxd6 Nxb4 22.Bb3 Na6 23.Rd5 g6
24.Be5 Bxe5 25.Rxe5 Nc5 26.Re7+ Kb8 27.Bc2 Bc6 28.Ne5 Bxg2 29.f3 a5 30.h4 Bh3 31.Kd2
f4 32.Kc3 Bg2 33.h5 gxh5 34.Nc6+ Kc8 35.Bf5+ 1-0

[Event "Vienna Chess Open 2016 Group A"]
[Site "Grosser Festsaal im Wiener Rathaus, 1010 Wien"]
[Date "2016.08.21"]
[Round "7"]
[Board "13"]
[White "Certek, Pavel"]
[Black "Hertneck, Gerald"]
[Result "0-1"]
[WhiteElo "2272"]
[BlackElo "2469"]
[PlyCount "134"]
[EventDate "2016.08.16"]
[EventRounds "9"]
[EventCountry "AUT"]

1.d4 Nf6 2.Nf3 c5 3.e3 g6 4.c3 b6 5.Bd3 Bb7 6.O-O Bg7 7.Nbd2 d5 8.b4 Nbd7 9.bxc5 bxc5
10.Rb1 Bc6 11.c4 O-O 12.Bb2 Rb8 13.Bc2 Qa5 14.Bb3 Ba8 15.Rc1 Rfc8 16.Qe2 cxd4 17.exd4
Ne4 18.cxd5 Nxd2 19.Qxd2 Qxd2 20.Nxd2 Nb6 21.d6 exd6 22.Ba3 Bf8 23.Nc4 Nxc4 24.Rxc4
Rxc4 25.Bxc4 d5 26.Bxf8 dxc4 27.Ba3 Bd5 28.f3 Rb5 29.Re1 g5 30.Kf2 Kg7 31.Re3 a6 32.Bc1
f6 33.Ra3 Rb1 34.Bd2 Rb2 35.Ke1 Rb1+ 36.Kf2 Rb2 37.Ke1 Bb7 38.Rc3 Rb4 39.a3 Rb1+ 40.Rc1
Rxc1+ 41.Bxc1 Kf7 42.Ke2 Ke6 43.Bd2 Kd5 44.Ke3 f5 45.Bc3 f4+ 46.Kd2 h5 47.Kd1 h4 48.Ke2
Bc8 49.Kf2 Bf5 50.Ke1 h3 51.gxh3 Bxh3 52.Ke2 Bf5 53.Ke1 Bg6 54.Kf2 Bh5 55.h3 Bf7 56.Bb4
Kxd4 57.Be7 Kc3 58.Ke2 Kb3 59.Kd2 c3+ 60.Kc1 Bg6 61.Bf6 a5 62.a4 Bf5 63.Be5 Bxh3 64.Bc7
Kxa4 65.Kb1 g4 66.fxg4 f3 67.Bb6 Kb3 0-1

[Event "Vienna Chess Open 2016 Group A"]
[Site "Grosser Festsaal im Wiener Rathaus, 1010 Wien"]
[Date "2016.08.21"]
[Round "7"]
[Board "14"]
[White "Sindarov, Javokhir"]
[Black "Gajek, Radoslaw"]
[Result "0-1"]
[WhiteElo "2374"]
[BlackElo "2434"]
[PlyCount "186"]
[EventDate "2016.08.16"]
[EventRounds "9"]
[EventCountry "AUT"]

1.e4 c6 2.d4 d5 3.Nd2 dxe4 4.Nxe4 Bf5 5.Ng3 Bg6 6.Nf3 Nd7 7.Bd3 Bxd3 8.Qxd3 e6 9.O-O
Ngf6 10.Re1 Be7 11.c4 O-O 12.b3 Qa5 13.Bb2 Ba3 14.Qc2 Bxb2 15.Qxb2 c5 16.Rad1 cxd4
17.Nxd4 Rfd8 18.Nb5 Nf8 19.b4 Qb6 20.a4 a6 21.c5 Qc6 22.Nd4 Qxa4 23.c6 Rxd4 24.Qxd4
Qxc6 25.Rc1 Qd5 26.Qc3 Rd8 27.h3 Ng6 28.Rcd1 Qxd1 29.Rxd1 Rxd1+ 30.Kh2 Rd7 31.Qc8+
Nf8 32.f3 h5 33.h4 Rd4 34.Qxb7 Rxh4+ 35.Kg1 Rc4 36.Kf1 h4 37.Ne4 Nxe4 38.fxe4 Ng6
39.Ke2 Rc2+ 40.Kf3 Rc3+ 41.Ke2 Rb3 42.e5 Nf4+ 43.Kd1 Rg3 44.Qa8+ Kh7 45.Qe4+ Ng6 46.Qe2
Rg5 47.Qxa6 Rxg2 48.Qf1 Rb2 49.Qxf7 Rxb4 50.Qxe6 Re4 51.Qf5 Rxe5 52.Qf3 Kh6 53.Kd2
Rh5 54.Qe3+ Kh7 55.Qf3 Rg5 56.Kd1 Kh6 57.Qe3 Ne5 58.Ke1 g6 59.Kf1 Kh5 60.Qe2+ Ng4
61.Kg2 Re5 62.Qb2 g5 63.Qb8 Re2+ 64.Kf1 Rf2+ 65.Kg1 Rf7 66.Qe8 Nh6 67.Qe2+ g4 68.Qe5+
Rf5 69.Qe8+ Nf7 70.Kg2 h3+ 71.Kg3 Rf3+ 72.Kh2 Kh4 73.Kg1 Rf4 74.Qe3 Rf5 75.Qe1+ Kh5
76.Qe8 Kg5 77.Qe7+ Kf4 78.Qb4+ Kg5 79.Qe7+ Kh5 80.Qe8 Rf6 81.Kh2 Rf2+ 82.Kg1 g3 83.Qb5+
Ng5 84.Qe8+ Kg4 85.Qc8+ Rf5 86.Qc4+ Rf4 87.Qc8+ Rf5 88.Qc4+ Kh5 89.Kh1 Re5 90.Qc1
Re1+ 91.Qxe1 g2+ 92.Kh2 Nf3+ 93.Kxh3 Nxe1 0-1

[Event "Vienna Chess Open 2016 Group A"]
[Site "Grosser Festsaal im Wiener Rathaus, 1010 Wien"]
[Date "2016.08.21"]
[Round "7"]
[Board "15"]
[White "Fauland, Alexander"]
[Black "Ivanov, Mike"]
[Result "1/2-1/2"]
[WhiteElo "2431"]
[BlackElo "2269"]
[PlyCount "119"]
[EventDate "2016.08.16"]
[EventRounds "9"]
[EventCountry "AUT"]

1.Nf3 Nc6 2.d4 d5 3.Bf4 Bg4 4.Nbd2 e6 5.e3 Bd6 6.Bg3 Nge7 7.c4 Nf5 8.Qb3 Nxg3 9.hxg3
Bb4 10.cxd5 Qxd5 11.Qxd5 exd5 12.Bb5 Bd7 13.Rc1 f6 14.a3 Bd6 15.Nb3 a6 16.Bd3 Ne7
17.Kd2 b6 18.Ke2 h6 19.Nbd2 O-O 20.e4 c6 21.Nb1 Be6 22.Nc3 dxe4 23.Nxe4 Bc7 24.Bc4
Bxc4+ 25.Rxc4 Rfd8 26.Ned2 b5 27.Rc2 Bb6 28.Nb3 Rd5 29.Rhc1 a5 30.g4 Re8 31.Kf1 h5
32.gxh5 Rxh5 33.g4 Rd5 34.Re1 Kf7 35.Rce2 a4 36.Nc5 Bxc5 37.dxc5 Rxc5 38.g5 Rd5 39.Re4
Rd7 40.gxf6 gxf6 41.Rc1 Rd6 42.Rce1 c5 43.Nh4 Rd4 44.Rxd4 cxd4 45.Nf3 Rd8 46.Ke2 d3+
47.Kd2 Nc6 48.Kc3 Rc8 49.Kxd3 Rd8+ 50.Ke4 Na5 51.Rc1 Re8+ 52.Kd3 Nc4 53.Rc2 Ne5+ 54.Nxe5+
Rxe5 55.f4 Rh5 56.Ke4 Rh3 57.Rc3 Rxc3 58.bxc3 Ke6 59.Kd4 Kd6 60.f5 1/2-1/2

[Event "Vienna Chess Open 2016 Group A"]
[Site "Grosser Festsaal im Wiener Rathaus, 1010 Wien"]
[Date "2016.08.21"]
[Round "7"]
[Board "16"]
[White "Pirrot, Dieter"]
[Black "Carow, Johannes"]
[Result "1/2-1/2"]
[WhiteElo "2367"]
[BlackElo "2423"]
[PlyCount "138"]
[EventDate "2016.08.16"]
[EventRounds "9"]
[EventCountry "AUT"]

1.e4 c5 2.c3 Nf6 3.e5 Nd5 4.d4 cxd4 5.Nf3 e6 6.cxd4 d6 7.Bc4 Nc6 8.O-O Be7 9.Re1 O-O
10.exd6 Qxd6 11.Nc3 Nxc3 12.bxc3 Qd8 13.Bb3 b6 14.Qd3 Bb7 15.Bc2 g6 16.Bh6 Re8 17.Re3
Bf6 18.Ba4 Qd5 19.Rae1 Red8 20.Bb3 Qh5 21.Bf4 Kh8 22.d5 Ne7 23.Ne5 Bxe5 24.Bxe5+ Kg8
25.Rh3 Qg5 26.f4 Qg4 27.Rg3 Qf5 28.Qf1 Rxd5 29.Bxd5 Bxd5 30.c4 Bb7 31.Qe2 Rd8 32.Qb2
Nc6 33.Bh8 Kf8 34.Bf6 Rd3 35.Bg5 Qc5+ 36.Kh1 Qd4 37.Qe2 Rd2 38.Qe3 Qxe3 39.Rgxe3 Nd4
40.Bf6 Bxg2+ 41.Kg1 Nf3+ 42.Rxf3 Bxf3 43.Re3 Bc6 44.Ra3 Rd7 45.Kf2 Ke8 46.Ke3 Rc7
47.Be5 Rb7 48.Bf6 h5 49.h4 Bd7 50.Kd4 Bc8 51.Re3 Rd7+ 52.Kc3 Ba6 53.Rd3 Rxd3+ 54.Kxd3
Kd7 55.Kd4 Bb7 56.a3 Bg2 57.Bg5 Bf1 58.Bf6 Kd6 59.Kc3 Kc5 60.Be7+ Kc6 61.Kd4 Kb7 62.Kc3
Be2 63.Bf6 Ka6 64.Kb4 Kb7 65.Kc3 Kc7 66.Kd4 Kd6 67.Bd8 b5 68.cxb5 Bxb5 69.Bf6 Bf1 1/2-1/2

[Event "Vienna Chess Open 2016 Group A"]
[Site "Grosser Festsaal im Wiener Rathaus, 1010 Wien"]
[Date "2016.08.21"]
[Round "7"]
[Board "17"]
[White "Yankelevich, Lev"]
[Black "Sadilek, Peter"]
[Result "1/2-1/2"]
[WhiteElo "2414"]
[BlackElo "2201"]
[PlyCount "69"]
[EventDate "2016.08.16"]
[EventRounds "9"]
[EventCountry "AUT"]

1.d4 Nf6 2.c4 e6 3.Nc3 Bb4 4.Qc2 b6 5.e4 c5 6.d5 Qe7 7.Be2 d6 8.Nf3 O-O 9.Be3 exd5
10.exd5 b5 11.O-O bxc4 12.Bxc4 Bxc3 13.bxc3 Ba6 14.Bxa6 Nxa6 15.Qd3 Nb8 16.Rfe1 Qe4
17.Rad1 Qxd3 18.Rxd3 Nbd7 19.Bf4 Rfe8 20.c4 Rxe1+ 21.Nxe1 Re8 22.Kf1 Re4 23.Bxd6 Rxc4
24.Ra3 Nxd5 25.Rxa7 N5b6 26.Bc7 h6 27.Ke2 Nd5 28.Ba5 Ne5 29.Bd2 Re4+ 30.Kd1 c4 31.Ra3
Ng4 32.Rf3 Nxh2 33.Rf5 Rd4 34.Kc2 Nf1 35.Bc1 1/2-1/2

[Event "Vienna Chess Open 2016 Group A"]
[Site "Grosser Festsaal im Wiener Rathaus, 1010 Wien"]
[Date "2016.08.21"]
[Round "7"]
[Board "18"]
[White "Fuchs, Florian"]
[Black "Nitin, Senthilvel"]
[Result "0-1"]
[WhiteElo "2274"]
[BlackElo "2398"]
[PlyCount "68"]
[EventDate "2016.08.16"]
[EventRounds "9"]
[EventCountry "AUT"]

1.e4 c5 2.Nf3 d6 3.d4 cxd4 4.Nxd4 Nf6 5.Nc3 a6 6.Be3 e5 7.Nb3 Be7 8.h3 Be6 9.f4 exf4
10.Bxf4 Nc6 11.Qe2 Nd7 12.O-O-O Nde5 13.Kb1 O-O 14.g4 b5 15.Nd5 Rb8 16.Qg2 a5 17.g5
a4 18.Nc1 a3 19.b3 Nc4 20.Bxc4 bxc4 21.Nxe7+ Nxe7 22.Bxd6 Rb7 23.h4 Rd7 24.Qg3 Qa8
25.Bxe7 Rxe7 26.Rhe1 Rc8 27.h5 cxb3 28.cxb3 Qc6 29.Rd2 Rec7 30.Nd3 Qc3 31.Qe3 Bxb3
32.axb3 Qxb3+ 33.Ka1 Rc2 34.Rxc2 Rxc2 0-1

[Event "Vienna Chess Open 2016 Group A"]
[Site "Grosser Festsaal im Wiener Rathaus, 1010 Wien"]
[Date "2016.08.21"]
[Round "7"]
[Board "19"]
[White "Namyslo, Holger"]
[Black "Berescu, Alin-Mile"]
[Result "1/2-1/2"]
[WhiteElo "2267"]
[BlackElo "2458"]
[PlyCount "42"]
[EventDate "2016.08.16"]
[EventRounds "9"]
[EventCountry "AUT"]

1.e4 d6 2.d4 Nf6 3.Nc3 c6 4.f4 Qa5 5.Bd3 e5 6.Nf3 exd4 7.Nxd4 g6 8.Nf3 Bg7 9.O-O O-O
10.Qe1 Nbd7 11.f5 Ne5 12.fxg6 fxg6 13.Nxe5 Qxe5 14.Bf4 Qc5+ 15.Be3 Qh5 16.Qg3 Qe5
17.Bc4+ Kh8 18.Qxe5 dxe5 19.Bc5 Re8 20.Rad1 Be6 21.Bxe6 Rxe6 1/2-1/2

[Event "Vienna Chess Open 2016 Group A"]
[Site "Grosser Festsaal im Wiener Rathaus, 1010 Wien"]
[Date "2016.08.21"]
[Round "7"]
[Board "20"]
[White "Dedebas, Emre Emin"]
[Black "Zawadzka, Jolanta"]
[Result "1-0"]
[WhiteElo "2248"]
[BlackElo "2439"]
[PlyCount "115"]
[EventDate "2016.08.16"]
[EventRounds "9"]
[EventCountry "AUT"]

1.d4 d5 2.c4 e6 3.Nf3 c6 4.Qc2 Nf6 5.g3 dxc4 6.Qxc4 b5 7.Qc2 Bb7 8.Bg2 Nbd7 9.O-O
c5 10.a4 a6 11.axb5 Be4 12.Qb3 Bd5 13.Qc2 axb5 14.Rxa8 Qxa8 15.Nc3 Bc6 16.Nh4 Bxg2
17.Nxg2 Qb7 18.dxc5 Bxc5 19.Be3 Be7 20.Ra1 O-O 21.Qd3 Ra8 22.Rc1 Rb8 23.Bf4 e5 24.Bg5
h6 25.Bxf6 Nxf6 26.Ne3 e4 27.Qd1 Rd8 28.Qb3 b4 29.Na4 Bf8 30.Qc4 Rd2 31.Rc2 Qd7 32.Nb6
Qd8 33.Rxd2 Qxd2 34.b3 Qd6 35.Nbd5 Nxd5 36.Nxd5 Qe6 37.Kg2 Kh7 38.h3 f5 39.Qd4 Qd6
40.e3 Kg8 41.h4 Qe6 42.Nxb4 Qxb3 43.Nd5 Qb8 44.Nf4 Qc8 45.Qd5+ Kh7 46.Qf7 Bb4 47.Ne6
Bc3 48.Qxf5+ Kh8 49.Qxe4 Bf6 50.Nf4 Qd8 51.Qd5 Qe8 52.e4 g5 53.hxg5 hxg5 54.Qe6 Qxe6
55.Nxe6 g4 56.Nf4 Kh7 57.Nd5 Bg5 58.Ne3 1-0

[Event "Vienna Chess Open 2016 Group A"]
[Site "Grosser Festsaal im Wiener Rathaus, 1010 Wien"]
[Date "2016.08.21"]
[Round "7"]
[Board "21"]
[White "Praveen Kumar, Chandrasekar"]
[Black "Sagar, Shah"]
[Result "1-0"]
[WhiteElo "2242"]
[BlackElo "2424"]
[PlyCount "151"]
[EventDate "2016.08.16"]
[EventRounds "9"]
[EventCountry "AUT"]

1.d4 Nf6 2.c4 e6 3.Nc3 Bb4 4.e3 d5 5.Nge2 dxc4 6.a3 Ba5 7.Bd2 a6 8.Ng3 b5 9.Be2 Bb7
10.O-O O-O 11.a4 c6 12.Bf3 Nd5 13.Nce4 Bb6 14.b3 f5 15.Nc5 Bxc5 16.dxc5 c3 17.Bxd5
Qxd5 18.Bxc3 Qxc5 19.Qd2 Qe7 20.Rad1 c5 21.Nh5 e5 22.f4 Nc6 23.fxe5 Nxe5 24.Qd6 Rae8
25.h3 Qg5 26.Nf4 Ng6 27.Rd2 Nh4 28.Qxc5 Rc8 29.Qe5 Rfe8 30.Qxg7+ Qxg7 31.Bxg7 Rxe3
32.Ba1 Ng6 33.Nh5 Re7 34.Nf6+ Kf8 35.Bb2 Rec7 36.Rxf5 Rc2 37.Nxh7+ Kg8 38.Nf6+ Kf8
39.Ba3+ Kf7 40.Nh5+ Kg8 41.Rdf2 Rxf2 42.Rxf2 Nh4 43.Rf4 Ng6 44.Rg4 Kf7 45.axb5 axb5
46.Nf4 Ne5 47.Rg3 Rc2 48.Bd6 Nc6 49.b4 Nd4 50.Bc5 Nf5 51.Rg5 Kf6 52.Rg8 Ke5 53.Nd3+
Kf6 54.Rg4 Bd5 55.Nf2 Ke5 56.Rg6 Kf4 57.h4 Ke5 58.Rg4 Rc4 59.Nd3+ Kf6 60.Rf4 Be4 61.Nf2
Bd5 62.Rxc4 bxc4 63.Ng4+ Ke6 64.h5 c3 65.Ne3 Be4 66.Nxf5 Bxf5 67.Be3 Bd3 68.h6 Kd5
69.b5 c2 70.Kf2 c1=Q 71.Bxc1 Kc5 72.Ke3 Bb1 73.Kf4 Kxb5 74.Ke5 Kc4 75.Kf6 Kd5 76.g4 1-0

[Event "Vienna Chess Open 2016 Group A"]
[Site "Grosser Festsaal im Wiener Rathaus, 1010 Wien"]
[Date "2016.08.21"]
[Round "7"]
[Board "22"]
[White "Schwabeneder, Florian"]
[Black "Heinemann, Josefine"]
[Result "1/2-1/2"]
[WhiteElo "2369"]
[BlackElo "2231"]
[PlyCount "64"]
[EventDate "2016.08.16"]
[EventRounds "9"]
[EventCountry "AUT"]

1.c4 g6 2.Nc3 c5 3.g3 Bg7 4.Bg2 Nc6 5.e3 e6 6.Nge2 Nge7 7.Nf4 Rb8 8.h4 h6 9.O-O O-O
10.Rb1 a6 11.a4 Nb4 12.d4 cxd4 13.exd4 d5 14.cxd5 exd5 15.Be3 Bf5 16.Rc1 Qd6 17.Qb3
Rbd8 18.a5 Bc8 19.Nfe2 Nec6 20.Ra1 Bf5 21.Qd1 Qd7 22.Nf4 Ne7 23.Rc1 Nbc6 24.Nfxd5
Nxd5 25.Nxd5 Bh3 26.Bxh3 Qxh3 27.Nf4 Qf5 28.Rc5 Qxc5 29.dxc5 Rxd1 30.Rxd1 Nxa5 31.b4
Nc6 32.Rb1 Rd8 1/2-1/2

[Event "Vienna Chess Open 2016 Group A"]
[Site "Grosser Festsaal im Wiener Rathaus, 1010 Wien"]
[Date "2016.08.21"]
[Round "7"]
[Board "23"]
[White "Steiner, Bruno"]
[Black "Dauth, Benjamin"]
[Result "0-1"]
[WhiteElo "2206"]
[BlackElo "2367"]
[PlyCount "83"]
[EventDate "2016.08.16"]
[EventRounds "9"]
[EventCountry "AUT"]

1.c4 g6 2.g3 Bg7 3.Bg2 c5 4.Nc3 Nc6 5.e4 a6 6.Nge2 Rb8 7.a4 d6 8.d3 h5 9.h4 Nf6 10.O-O
O-O 11.Bg5 Ng4 12.f3 Nge5 13.Qd2 Kh7 14.Rad1 Bd7 15.Nd5 b5 16.axb5 axb5 17.b3 bxc4
18.bxc4 Rb2 19.Qe1 f6 20.Be3 e6 21.Ndf4 Nb4 22.d4 Nxc4 23.Bc1 Rb3 24.dxc5 e5 25.Nd5
dxc5 26.Nec3 Nxd5 27.Nxd5 Be6 28.Rf2 Nb6 29.Be3 Nd7 30.Rc2 Qc8 31.Rdc1 Bxd5 32.exd5
Bh6 33.f4 exf4 34.Bxc5 Nxc5 35.Qe7+ Bg7 36.Rxc5 Qg4 37.gxf4 Rb2 38.Qe4 f5 39.Qf3 Bd4+
40.Kf1 Qxf3+ 41.Bxf3 Rf2+ 42.Ke1 0-1

[Event "Vienna Chess Open 2016 Group A"]
[Site "Grosser Festsaal im Wiener Rathaus, 1010 Wien"]
[Date "2016.08.21"]
[Round "7"]
[Board "24"]
[White "Witte, Manfred"]
[Black "Foisor, Cristina"]
[Result "0-1"]
[WhiteElo "2204"]
[BlackElo "2351"]
[PlyCount "72"]
[EventDate "2016.08.16"]
[EventRounds "9"]
[EventCountry "AUT"]

1.e4 c5 2.c3 d6 3.d4 Nd7 4.Nf3 Qc7 5.Bd3 g6 6.O-O Bg7 7.Be3 Ngf6 8.h3 O-O 9.Qe2 e5
10.dxe5 dxe5 11.c4 b6 12.Nc3 Bb7 13.Rad1 Ne8 14.Qd2 f6 15.Bc2 Rf7 16.Ba4 Nf8 17.Bxe8
Rxe8 18.Nd5 Qb8 19.Qc1 Ne6 20.Nh2 f5 21.f3 Nd4 22.Bxd4 exd4 23.Rde1 Bxd5 24.exd5 Re3
25.Rxe3 dxe3 26.Re1 Bd4 27.Re2 h5 28.Nf1 f4 29.Qc2 Kg7 30.Qd3 Qd6 31.Kh1 Qf6 32.b3
g5 33.Nh2 Qg6 34.Qxg6+ Kxg6 35.a4 Kf5 36.Kg1 a6 0-1

[Event "Vienna Chess Open 2016 Group A"]
[Site "Grosser Festsaal im Wiener Rathaus, 1010 Wien"]
[Date "2016.08.21"]
[Round "7"]
[Board "25"]
[White "Voege, Tobias"]
[Black "Low, Zhen Yu Cyrus"]
[Result "1/2-1/2"]
[WhiteElo "2346"]
[BlackElo "2197"]
[PlyCount "117"]
[EventDate "2016.08.16"]
[EventRounds "9"]
[EventCountry "AUT"]

1.c4 Nf6 2.g3 g6 3.Bg2 d5 4.cxd5 Nxd5 5.Nc3 Nxc3 6.bxc3 Bg7 7.Nf3 c5 8.O-O Nc6 9.Rb1
O-O 10.Qa4 Qa5 11.Qxa5 Nxa5 12.Ng5 h6 13.Ne4 c4 14.Ba3 Re8 15.Nc5 Bg4 16.Nxb7 Nxb7
17.Bxb7 Rad8 18.Bc6 Bd7 19.Bf3 Be6 20.Rb2 Bd5 21.e4 Bc6 22.Bg2 h5 23.Bc5 Bh6 24.f4
e5 25.Bxa7 exf4 26.gxf4 Bxe4 27.Bxe4 Rxe4 28.Be3 Bg7 29.Kf2 Rd3 30.Kf3 f5 31.Rb8+
Kf7 32.Rfb1 Bxc3 33.R1b7+ Kf6 34.Rf8+ Ke6 35.Re8+ Kf6 36.Rf8+ Ke6 37.Re8+ Kf6 38.Rxe4
fxe4+ 39.Ke2 Ba5 40.Ra7 Rd5 41.Ra6+ Kf7 42.Rc6 c3 43.dxc3 Rd3 44.Rc4 Rxc3 45.Rxc3
Bxc3 46.Bb6 Ke6 47.a4 Kf5 48.Bc7 Bb4 49.Kf2 Bc5+ 50.Kf1 Ke6 51.Ke2 Kd5 52.Ba5 Kc4
53.Be1 Ba7 54.Bd2 Bc5 55.Be1 Ba7 56.a5 Kb5 57.Bd2 Bc5 58.Be1 Ba7 59.Kf1 1/2-1/2

[Event "Vienna Chess Open 2016 Group A"]
[Site "Grosser Festsaal im Wiener Rathaus, 1010 Wien"]
[Date "2016.08.21"]
[Round "7"]
[Board "26"]
[White "Knoflicek, Ctibor"]
[Black "De Schampheleire, Glen"]
[Result "1/2-1/2"]
[WhiteElo "2200"]
[BlackElo "2339"]
[PlyCount "94"]
[EventDate "2016.08.16"]
[EventRounds "9"]
[EventCountry "AUT"]

1.Nf3 Nf6 2.c4 e6 3.g3 d5 4.Bg2 Be7 5.d4 O-O 6.O-O dxc4 7.Qc2 a6 8.a4 Bd7 9.Qxc4 Bc6
10.Bf4 Bd6 11.Qc1 Nbd7 12.Nc3 Qe7 13.Bg5 h6 14.Bh4 Bxf3 15.Bxf3 g5 16.Bxg5 hxg5 17.Qxg5+
Kh8 18.Bxb7 Ra7 19.Bc6 Rd8 20.Qh6+ Nh7 21.Be4 f5 22.Bd3 Ndf6 23.d5 exd5 24.Bxf5 d4
25.Bxh7 Nxh7 26.Nd5 Qe5 27.e4 c6 28.Nf4 Qxe4 29.Rfe1 Qf5 30.Ne6 Bf8 31.Qh4 Rd6 32.Nxd4
Qg5 33.Qxg5 Nxg5 34.Re8 Rf7 35.Nb3 Rd3 36.Nc5 Rd2 37.Rf1 Nh3+ 38.Kg2 Nxf2 39.Ne6 Nh3+
40.Kxh3 Rxf1 41.Nxf8 Rff2 42.Ne6+ Kh7 43.Kg4 Rxh2 44.Re7+ Kg6 45.Nf4+ Kf6 46.Re6+
Kf7 47.Rxc6 Rxb2 1/2-1/2

[Event "Vienna Chess Open 2016 Group A"]
[Site "Grosser Festsaal im Wiener Rathaus, 1010 Wien"]
[Date "2016.08.21"]
[Round "7"]
[Board "27"]
[White "Singer, Christoph"]
[Black "Exler, Veronika"]
[Result "0-1"]
[WhiteElo "2334"]
[BlackElo "2194"]
[PlyCount "82"]
[EventDate "2016.08.16"]
[EventRounds "9"]
[EventCountry "AUT"]

1.e4 e5 2.Nf3 Nc6 3.Nc3 Nf6 4.a3 d5 5.Bb5 d4 6.Ne2 Nxe4 7.d3 Nf6 8.Nxe5 Qd5 9.Nxc6
bxc6 10.Bc4 Qd7 11.O-O c5 12.Ng3 Be7 13.Re1 O-O 14.Bf4 Bb7 15.Qd2 Bd6 16.Bxd6 cxd6
17.Qg5 h6 18.Qf4 Qc6 19.f3 d5 20.Bb3 Bc8 21.Re7 Bd7 22.Rae1 Rae8 23.Nf5 Bxf5 24.Qxf5
c4 25.Ba2 Rxe7 26.Rxe7 Qb6 27.b4 Qa6 28.dxc4 Qxa3 29.c5 Qxa2 30.c6 Qb1+ 31.Kf2 Qxb4
32.Rb7 Qd2+ 33.Kg3 Qe1+ 34.Kh3 g5 35.g4 Qf1+ 36.Kg3 Qg1+ 37.Kh3 Qf1+ 38.Kg3 Qe1+ 39.Kh3
Re8 40.Qd3 Re2 41.Rb8+ Kg7 0-1